अभी रात बाकी है...: (Record no. 36461)

MARC details
000 -LEADER
fixed length control field 01244nam a22002657a 4500
005 - DATE AND TIME OF LATEST TRANSACTION
control field 20100602101919.0
008 - FIXED-LENGTH DATA ELEMENTS--GENERAL INFORMATION
fixed length control field 100602t xxu||||| |||| 00| 0 hin d
010 ## - LCCN (DPL NO)
LC control number HIN-89448
020 ## - INTERNATIONAL STANDARD BOOK NUMBER
Terms of availability 125.00
International Standard Book Number 9789350002223
035 ## - SYSTEM CONTROL NUMBER
System control number HN-61794
037 ## - SOURCE OF ACQUISITION
Source of stock number/acquisition DBAD / PUB
040 ## - CATALOGING SOURCE
Original cataloging agency DPL
Language of cataloging HN
082 ## - DEWEY DECIMAL CLASSIFICATION NUMBER
Classification number 822
100 ## - MAIN ENTRY--PERSONAL NAME
Personal name पवार, जयंत
9 (RLIN) 17990
245 ## - TITLE STATEMENT
Title अभी रात बाकी है...:
Statement of responsibility, etc जयंत पवार; कैलाश सेंगर द्वारा अनुदित
Remainder of title (मराठी नाटक अधांतर का हिंदी अनुवाद) /
246 ## - VARYING FORM OF TITLE
Title proper/short title abhi raat baki hai
Remainder of title by Jayant Pawar; Tran by Kailash Sengar
260 ## - PUBLICATION, DISTRIBUTION, ETC. (IMPRINT)
Place of publication, distribution, etc नई दिल्ली
Name of publisher, distributor, etc वाणी प्रकाशन
Date of publication, distribution, etc 2010
270 ## - ADDRESS
Address 4695, 21-ए, दरियागंज
City नई दिल्ली
Postal code 110002
300 ## - PHYSICAL DESCRIPTION
Extent 68पृ
Dimensions 22सेमी (सजिल्द)
650 ## - SUBJECT ADDED ENTRY--TOPICAL TERM
Topical term or geographic name as entry element हिन्दी नाटक
650 ## - SUBJECT ADDED ENTRY--TOPICAL TERM
Topical term or geographic name as entry element Hindi darama
700 ## - ADDED ENTRY--PERSONAL NAME
Personal name सेंगर, कैलाश
9 (RLIN) 17991
942 ## - ADDED ENTRY ELEMENTS (KOHA)
Source of classification or shelving scheme Dewey Decimal Classification
Item type Hindi Books
Call number suffix पवार
Classification part 822
Holdings
Withdrawn status Lost status Source of classification or shelving scheme Damaged status Not for loan Collection code Home library Current library Date acquired Source of acquisition Cost, normal purchase price Total Checkouts Full call number Barcode Date last seen Copy number Cost, replacement price Koha item type
    Dewey Decimal Classification   Not For Loan Non-fiction D.B.Act.Division D.B.Act.Division 02/06/2010 DBAD / PUB 125.00   822 पवार HN-61794 02/06/2010 1 125.00 Hindi Books

© Delhi Public Library
Hit Counter
free hit counter